000 00735nam a2200241Ia 4500
003 OSt
005 20220926022929.0
006 a|||||r|||| 00| 0
007 ta
008 220923b |||||||| |||| 00| 0 eng d
037 _cGeneral Book
040 _aRTL
_cRTL
_beng
041 _2eng
_aeng
082 _aY:1.498.N6, K8
100 _aSnellgrove David
_995021
245 0 _aCultural history of Tibet
260 _aNew York
_bWeidenfeld & Nicolson
_c1968
300 _a307p
_ccm.
500 _aBibliography : P 293-297; (Reprinted : Boulder, Prajna Press, 1980)
700 _a Richardson Hugh
_9132942
942 _hY:1.498.N6, K8
_cGB
_2CC
999 _c640579
_d640579